Penny and Pete, the lambs /
Two children living on a sheep farm take care of their pet lambs, Penny and Pete.
| Main Author: | |
|---|---|
| Other Authors: | , , |
| Format: | Book |
| Language: | English French |
| Published: |
Minneapolis, Minn. :
Carolrhoda Books,
1976.
|
| Series: | Animal friends books.
|
| Subjects: |
MARC
| Tag | First Indicator | Second Indicator | Subfields |
|---|---|---|---|
| LEADER | 00000pam a2200000Ei 4500 | ||
| 001 | in00000098075 | ||
| 005 | 20150924085535.0 | ||
| 008 | 760204s1976 mnua j 00010 eng | ||
| 010 | |a 76003434 | ||
| 020 | |a 0876140673 | ||
| 020 | |a 0087140673 (lib. bdg.) | ||
| 035 | |a (OCoLC)02035105 | ||
| 035 | |9 AAK9440AM | ||
| 040 | |a DLC |c DLC |d m.c. |d UtOrBLW | ||
| 041 | 1 | |a eng |a fre | |
| 049 | |a TXAM |c [388878] | ||
| 050 | 0 | 0 | |a SF375.2 |b J64 1976 |
| 082 | 0 | |a 636.3 | |
| 100 | 1 | |a Johnson, Sylvia A. | |
| 245 | 1 | 0 | |a Penny and Pete, the lambs / |c [rev. English text] by Sylvia A. Johnson ; [original French text by Anne-Marie Pajot ; translation by Dyan Hammarberg ; photographs by Antoinette Barrere, drawings by LEnc Matte]. |
| 264 | 1 | |a Minneapolis, Minn. : |b Carolrhoda Books, |c 1976. | |
| 300 | |a 24 unnumbered pages : |b illustrations (some color) ; |c 23 cm. | ||
| 336 | |a text |b txt |2 rdacontent | ||
| 337 | |a unmediated |b n |2 rdamedia | ||
| 338 | |a volume |b nc |2 rdacarrier | ||
| 490 | 1 | |a The Animal friends books | |
| 500 | |a Original edition published under title: Pelote, le petit mouton. | ||
| 520 | |a Two children living on a sheep farm take care of their pet lambs, Penny and Pete. | ||
| 650 | 0 | |a Lambs |x Juvenile literature. | |
| 650 | 0 | |a Sheep ranches |x Juvenile literature. | |
| 650 | 1 | |a Sheep. | |
| 650 | 1 | |a Farm life. | |
| 700 | 1 | |a Pajot, Anne-Marie. |t Pelote, le petit mouton. | |
| 700 | 1 | |a Barrère, Antoinette. | |
| 700 | 1 | |a Matte, L'Enc. | |
| 830 | 0 | |a Animal friends books. | |
| 999 | |a MARS | ||
| 999 | f | f | |s 07d787ec-60cc-3292-8ddf-812baa1b09f5 |i 8b899229-d10e-36cc-82f3-ab9701158939 |t 0 |
| 952 | f | f | |p ric |a Texas A&M University |b Rellis Campus |c Joint Library Facility |d Remote Storage |t 0 |e SF375.2 J64 1976 |h Library of Congress classification |i unmediated -- volume |m A14806027073 |
| 998 | f | f | |a SF375.2 J64 1976 |t 0 |l Remote Storage |